[Event "DVM U12 2022"]
[Site "München GER"]
[Date "2022.12.29"]
[Round "5"]
[White "Geschke, David"]
[Black "Rössler, Leo"]
[Result "1-0"]
[Termination "normal"]
[Board "8.2"]
[WhiteElo "1418"]
[BlackElo "1373"]
[WhiteClock "00:52:31"]
[BlackClock "00:18:18"]
[WhiteTeam "TTC Grün-Weiß Fritzdorf 1958"]
[BlackTeam "SG Turm Leipzig"]
[PlyCount "131"]
[WhiteFideId "34619658"]
[BlackFideId "34640525"]
[EventCountry "GER"]
[EventRounds "7"]
[EventType "team-swiss"]
[EventDate "2022.12.26"]

1. d4 {[%clk 01:30:31]} {[%emt 00:00:27]} d6 {[%clk 01:30:14]} {[%emt
00:00:47]} 2. c4 {[%clk 01:30:54]} {[%emt 00:00:06]} g6 {[%clk 01:30:16]}
{[%emt 00:00:29]} 3. Nc3 {[%clk 01:31:15]} {[%emt 00:00:08]} Bg7 {[%clk
01:30:18]} {[%emt 00:00:28]} 4. e4 {[%clk 01:31:03]} {[%emt 00:00:42]} Nf6
{[%clk 01:29:42]} {[%emt 00:01:07]} 5. Nf3 {[%clk 01:30:31]} {[%emt 00:01:01]}
O-O {[%clk 01:28:57]} {[%emt 00:01:15]} 6. Bd3 {[%clk 01:29:32]} {[%emt
00:01:28]} Nbd7 {[%clk 01:26:45]} {[%emt 00:02:42]} 7. O-O {[%clk 01:29:44]}
{[%emt 00:00:18]} e5 {[%clk 01:26:32]} {[%emt 00:00:43]} 8. d5 {[%clk
01:29:08]} {[%emt 00:01:06]} Nc5 {[%clk 01:21:57]} {[%emt 00:05:05]} 9. Bc2
{[%clk 01:29:04]} {[%emt 00:00:33]} Bd7 {[%clk 01:11:58]} {[%emt 00:10:29]} 10.
Be3 {[%clk 01:28:11]} {[%emt 00:01:23]} b6 {[%clk 01:07:41]} {[%emt 00:04:47]}
11. Re1 {[%clk 01:27:21]} {[%emt 00:01:19]} Rb8 {[%clk 00:59:15]} {[%emt
00:08:57]} 12. Qe2 {[%clk 01:24:55]} {[%emt 00:02:56]} c6 {[%clk 00:52:45]}
{[%emt 00:07:00]} 13. Rad1 {[%clk 01:24:29]} {[%emt 00:00:56]} Qc7 {[%clk
00:51:02]} {[%emt 00:02:13]} 14. a3 {[%clk 01:18:24]} {[%emt 00:06:34]} Nb7
{[%clk 00:46:11]} {[%emt 00:05:20]} 15. Ba4 {[%clk 01:16:33]} {[%emt 00:02:23]}
c5 {[%clk 00:45:18]} {[%emt 00:01:22]} 16. Bc2 {[%clk 01:15:06]} {[%emt
00:01:57]} a6 {[%clk 00:43:44]} {[%emt 00:02:04]} 17. Nd2 {[%clk 01:13:49]}
{[%emt 00:01:46]} Ra8 {[%clk 00:39:29]} {[%emt 00:04:45]} 18. h3 {[%clk
01:14:01]} {[%emt 00:00:19]} Ne8 {[%clk 00:36:45]} {[%emt 00:03:13]} 19. f4
{[%clk 01:13:16]} {[%emt 00:01:15]} f6 {[%clk 00:34:42]} {[%emt 00:02:32]} 20.
Rf1 {[%clk 01:12:43]} {[%emt 00:01:04]} Qc8 {[%clk 00:32:03]} {[%emt 00:03:08]}
21. Rf2 {[%clk 01:10:38]} {[%emt 00:02:36]} Nc7 {[%clk 00:29:33]} {[%emt
00:02:59]} 22. Rdf1 {[%clk 01:03:54]} {[%emt 00:07:14]} Qd8 {[%clk 00:28:57]}
{[%emt 00:01:06]} 23. fxe5 {[%clk 01:03:41]} {[%emt 00:00:45]} fxe5 {[%clk
00:29:14]} {[%emt 00:00:13]} 24. Rxf8 {[%clk 01:03:58]} {[%emt 00:00:12]} Bxf8
{[%clk 00:29:30]} {[%emt 00:00:15]} 25. Qf2 {[%clk 01:04:11]} {[%emt 00:00:17]}
Qe7 {[%clk 00:29:37]} {[%emt 00:00:22]} 26. Nf3 {[%clk 01:04:10]} {[%emt
00:00:31]} Bg7 {[%clk 00:29:36]} {[%emt 00:00:31]} 27. Bg5 {[%clk 01:03:56]}
{[%emt 00:00:44]} Qf7 {[%clk 00:29:42]} {[%emt 00:00:23]} 28. Qh4 {[%clk
01:03:26]} {[%emt 00:01:01]} Rf8 {[%clk 00:29:27]} {[%emt 00:00:45]} 29. Bd3
{[%clk 01:02:53]} {[%emt 00:01:03]} Qe8 {[%clk 00:28:13]} {[%emt 00:01:44]} 30.
Be7 {[%clk 01:02:09]} {[%emt 00:01:15]} Rf7 {[%clk 00:27:29]} {[%emt 00:01:14]}
31. Ng5 {[%clk 01:00:05]} {[%emt 00:02:34]} Rxf1 {[%clk 00:27:19]} {[%emt
00:00:40]} 32. Bxf1 {[%clk 00:59:28]} {[%emt 00:01:07]} Qxe7 {[%clk 00:27:35]}
{[%emt 00:00:13]} 33. Qxh7 {[%clk 00:59:43]} {[%emt 00:00:15]} Kf8 {[%clk
00:27:54]} {[%emt 00:00:10]} 34. Qxg6 {[%clk 00:59:30]} {[%emt 00:00:43]} Be8
{[%clk 00:25:41]} {[%emt 00:02:42]} 35. Qf5 {[%clk 00:59:28]} {[%emt 00:00:32]}
Bf7 {[%clk 00:25:29]} {[%emt 00:00:42]} 36. Be2 {[%clk 00:58:24]} {[%emt
00:01:34]} Ke8 {[%clk 00:24:07]} {[%emt 00:01:53]} 37. Nxf7 {[%clk 00:57:25]}
{[%emt 00:01:30]} Bf6 {[%clk 00:19:49]} {[%emt 00:04:46]} 38. Bh5 {[%clk
00:57:09]} {[%emt 00:00:47]} Kf8 {[%clk 00:19:56]} {[%emt 00:00:22]} 39. Qc8
{[%clk 00:57:03]} {[%emt 00:00:34]} Nd8 {[%clk 00:20:15]} {[%emt 00:00:14]} 40.
Qxd8 {[%clk 00:54:04]} {[%emt 00:03:30]} Qxd8 {[%clk 00:20:35]} {[%emt
00:00:10]} 41. Nxd8 {[%clk 00:54:25]} {[%emt 00:00:09]} Bxd8 {[%clk 00:20:59]}
{[%emt 00:00:06]} 42. Be2 {[%clk 00:54:18]} {[%emt 00:00:36]} Bg5 {[%clk
00:21:03]} {[%emt 00:00:26]} 43. b3 {[%clk 00:54:25]} {[%emt 00:00:22]} Be3
{[%clk 00:20:40]} {[%emt 00:00:54]} 44. Kh2 {[%clk 00:54:43]} {[%emt 00:00:13]}
Bd4 {[%clk 00:20:47]} {[%emt 00:00:22]} 45. Nb1 {[%clk 00:54:17]} {[%emt
00:00:56]} Ne8 {[%clk 00:20:41]} {[%emt 00:00:36]} 46. Nd2 {[%clk 00:54:15]}
{[%emt 00:00:32]} Nf6 {[%clk 00:20:45]} {[%emt 00:00:26]} 47. Bf3 {[%clk
00:54:07]} {[%emt 00:00:38]} Kg7 {[%clk 00:20:38]} {[%emt 00:00:37]} 48. Nf1
{[%clk 00:54:28]} {[%emt 00:00:08]} Kg6 {[%clk 00:19:29]} {[%emt 00:01:40]} 49.
Ng3 {[%clk 00:53:48]} {[%emt 00:01:10]} Kg5 {[%clk 00:17:31]} {[%emt 00:02:28]}
50. Nf5 {[%clk 00:53:22]} {[%emt 00:00:55]} Ne8 {[%clk 00:17:48]} {[%emt
00:00:14]} 51. g3 {[%clk 00:53:22]} {[%emt 00:00:31]} Kf6 {[%clk 00:16:36]}
{[%emt 00:01:42]} 52. Bh5 {[%clk 00:52:38]} {[%emt 00:01:14]} Ng7 {[%clk
00:16:54]} {[%emt 00:00:12]} 53. Nxg7 {[%clk 00:52:05]} {[%emt 00:01:03]} Kxg7
{[%clk 00:17:15]} {[%emt 00:00:08]} 54. h4 {[%clk 00:52:05]} {[%emt 00:00:31]}
b5 {[%clk 00:17:07]} {[%emt 00:00:36]} 55. Be2 {[%clk 00:51:38]} {[%emt
00:00:56]} b4 {[%clk 00:17:15]} {[%emt 00:00:23]} 56. a4 {[%clk 00:51:50]}
{[%emt 00:00:19]} a5 {[%clk 00:17:31]} {[%emt 00:00:14]} 57. Kh3 {[%clk
00:52:02]} {[%emt 00:00:18]} Kf6 {[%clk 00:16:31]} {[%emt 00:01:30]} 58. g4
{[%clk 00:52:07]} {[%emt 00:00:25]} Be3 {[%clk 00:16:43]} {[%emt 00:00:18]} 59.
g5 {[%clk 00:51:53]} {[%emt 00:00:45]} Bxg5 {[%clk 00:17:06]} {[%emt 00:00:07]}
60. hxg5 {[%clk 00:52:14]} {[%emt 00:00:09]} Kxg5 {[%clk 00:17:32]} {[%emt
00:00:04]} 61. Kg3 {[%clk 00:51:25]} {[%emt 00:01:19]} Kf6 {[%clk 00:17:27]}
{[%emt 00:00:35]} 62. Kg4 {[%clk 00:51:28]} {[%emt 00:00:27]} Kg6 {[%clk
00:17:45]} {[%emt 00:00:13]} 63. Bf3 {[%clk 00:51:45]} {[%emt 00:00:09]} Kf6
{[%clk 00:17:50]} {[%emt 00:00:29]} 64. Kh5 {[%clk 00:52:07]} {[%emt 00:00:07]}
Ke7 {[%clk 00:18:07]} {[%emt 00:00:13]} 65. Kg6 {[%clk 00:52:31]} {[%emt
00:00:07]} Kd7 {[%clk 00:18:18]} {[%emt 00:00:19]} 66. Kf6 {[%emt 00:00:47]}
1-0

[Event "DVM U12 2022"]
[Site "München GER"]
[Date "2022.12.29"]
[Round "5"]
[White "Sosnicki, Adrian"]
[Black "Geschke, Jonathan"]
[Result "1-0"]
[Termination "normal"]
[Board "8.3"]
[WhiteElo "1132"]
[BlackElo "1151"]
[WhiteClock "00:57:20"]
[BlackClock "00:58:14"]
[WhiteTeam "SG Turm Leipzig"]
[BlackTeam "TTC Grün-Weiß Fritzdorf 1958"]
[PlyCount "83"]
[WhiteFideId "34640541"]
[BlackFideId "34636129"]
[EventCountry "GER"]
[EventRounds "7"]
[EventType "team-swiss"]
[EventDate "2022.12.26"]

1. e4 {[%clk 01:30:59]} e5 {[%clk 01:30:46]} {[%emt 00:00:14]} 2. d4 {[%clk
01:30:46]} {[%emt 00:00:43]} exd4 {[%clk 01:31:05]} {[%emt 00:00:11]} 3. Nf3
{[%clk 01:31:03]} {[%emt 00:00:12]} Nc6 {[%clk 01:30:57]} {[%emt 00:00:39]} 4.
Nxd4 {[%clk 01:31:21]} {[%emt 00:00:12]} Nxd4 {[%clk 01:29:08]} {[%emt
00:02:19]} 5. Qxd4 {[%clk 01:31:42]} {[%emt 00:00:09]} d6 {[%clk 01:28:42]}
{[%emt 00:00:55]} 6. Nc3 {[%clk 01:29:53]} {[%emt 00:02:18]} Nf6 {[%clk
01:28:44]} {[%emt 00:00:27]} 7. Bg5 {[%clk 01:29:59]} {[%emt 00:00:26]} Be7
{[%clk 01:28:48]} {[%emt 00:00:26]} 8. O-O-O {[%clk 01:30:21]} {[%emt
00:00:08]} O-O {[%clk 01:29:00]} {[%emt 00:00:18]} 9. Bc4 {[%clk 01:30:06]}
{[%emt 00:00:45]} a5 {[%clk 01:26:55]} {[%emt 00:02:35]} 10. f3 {[%clk
01:27:42]} {[%emt 00:02:54]} a4 {[%clk 01:25:33]} {[%emt 00:01:52]} 11. a3
{[%clk 01:28:00]} {[%emt 00:00:12]} c6 {[%clk 01:24:01]} {[%emt 00:02:03]} 12.
e5 {[%clk 01:25:47]} {[%emt 00:02:43]} Nd7 {[%clk 01:19:47]} {[%emt 00:04:44]}
13. Bxe7 {[%clk 01:25:57]} {[%emt 00:00:20]} Qxe7 {[%clk 01:20:07]} {[%emt
00:00:08]} 14. exd6 {[%clk 01:26:23]} {[%emt 00:00:06]} Qg5 {[%clk 01:19:23]}
{[%emt 00:01:13]} 15. f4 {[%clk 01:26:33]} {[%emt 00:00:21]} Qg6 {[%clk
01:18:35]} {[%emt 00:01:17]} 16. Rd3 {[%clk 01:23:08]} {[%emt 00:03:56]} b5
{[%clk 01:18:06]} {[%emt 00:00:59]} 17. Rg3 {[%clk 01:22:37]} {[%emt 00:01:01]}
Qh6 {[%clk 01:15:37]} {[%emt 00:02:59]} 18. Rh3 {[%emt 00:01:07]} Qf6 {[%clk
01:15:10]} 19. Qe4 {[%clk 01:19:03]} {[%emt 00:04:23]} h6 {[%clk 01:14:36]}
{[%emt 00:01:03]} 20. Bxb5 {[%clk 01:18:36]} {[%emt 00:00:58]} cxb5 {[%clk
01:13:20]} {[%emt 00:01:45]} 21. Qxa8 {[%clk 01:18:54]} {[%emt 00:00:12]} Nb6
{[%clk 01:12:35]} {[%emt 00:01:16]} 22. Qc6 {[%clk 01:18:36]} {[%emt 00:00:48]}
Bxh3 {[%clk 01:11:11]} {[%emt 00:01:54]} 23. Qxb6 {[%emt 00:00:11]} Qxf4 {[%clk
01:10:35]} {[%emt 00:01:05]} 24. Kb1 {[%clk 01:17:47]} {[%emt 00:01:39]} Bd7
{[%clk 01:05:59]} {[%emt 00:05:06]} 25. Nd5 {[%clk 01:16:28]} {[%emt 00:01:49]}
Qe4 {[%clk 01:03:59]} {[%emt 00:02:30]} 26. Ne7 {[%clk 01:12:39]} {[%emt
00:04:19]} Kh7 {[%clk 01:03:13]} {[%emt 00:01:15]} 27. Qc7 {[%clk 01:10:39]}
{[%emt 00:02:31]} Bf5 {[%clk 01:02:27]} {[%emt 00:01:15]} 28. d7 {[%clk
01:10:18]} {[%emt 00:00:52]} Qxc2 {[%clk 01:02:33]} {[%emt 00:00:23]} 29. Qxc2
{[%clk 01:10:41]} {[%emt 00:00:09]} Bxc2 {[%clk 01:02:30]} {[%emt 00:00:32]}
30. Kxc2 {[%clk 01:11:02]} {[%emt 00:00:09]} Rd8 {[%clk 01:02:45]} {[%emt
00:00:15]} 31. Rd1 {[%clk 01:10:36]} {[%emt 00:00:56]} g6 {[%clk 01:02:25]}
{[%emt 00:00:49]} 32. Nc6 {[%clk 01:11:00]} {[%emt 00:00:07]} b4 {[%clk
01:00:39]} {[%emt 00:04:29]} 33. Nxd8 {[%clk 01:10:04]} {[%emt 00:00:13]} b3
{[%clk 01:00:55]} {[%emt 00:00:14]} 34. Kc3 {[%clk 01:09:51]} {[%emt 00:00:43]}
f5 {[%clk 00:59:21]} {[%emt 00:01:38]} 35. Ne6 {[%clk 01:09:30]} {[%emt
00:01:17]} g5 {[%clk 00:59:18]} {[%emt 00:00:33]} 36. d8=Q {[%clk 01:09:42]}
{[%emt 00:00:18]} Kg6 {[%clk 00:59:18]} {[%emt 00:00:29]} 37. Qe8 {[%clk
00:59:22]} {[%emt 00:10:51]} Kf6 {[%clk 00:59:31]} {[%emt 00:00:16]} 38. Re1
{[%emt 00:01:30]} g4 {[%clk 00:59:29]} {[%emt 00:00:15]} 39. Qf8 {[%clk
00:58:40]} {[%emt 00:00:29]} Kg6 {[%clk 00:58:53]} {[%emt 00:01:07]} 40. Qg7
{[%clk 00:58:23]} {[%emt 00:00:47]} Kh5 {[%clk 00:58:54]} {[%emt 00:00:28]} 41.
Nf4 {[%clk 00:57:20]} {[%emt 00:01:34]} Kh4 {[%clk 00:58:14]} {[%emt 00:01:09]}
42. Qxh6 {[%emt 00:00:32]} 1-0

[Event "DVM U12 2022"]
[Site "München GER"]
[Date "2022.12.29"]
[Round "5"]
[White "Mende, Magnus"]
[Black "Obermair, Hannes"]
[Result "0-1"]
[Termination "normal"]
[Board "8.4"]
[WhiteElo "915"]
[BlackElo "1212"]
[WhiteClock "01:09:56"]
[BlackClock "00:41:54"]
[WhiteTeam "TTC Grün-Weiß Fritzdorf 1958"]
[BlackTeam "SG Turm Leipzig"]
[PlyCount "66"]
[WhiteFideId "34617124"]
[BlackFideId "34640509"]
[EventCountry "GER"]
[EventRounds "7"]
[EventType "team-swiss"]
[EventDate "2022.12.26"]

1. e4 {[%clk 01:30:57]} {[%emt 00:00:01]} c5 {[%clk 01:30:43]} {[%emt
00:00:16]} 2. Nc3 {[%clk 01:30:24]} {[%emt 00:01:04]} Nc6 {[%clk 01:30:33]}
{[%emt 00:00:39]} 3. Bc4 {[%clk 01:29:59]} {[%emt 00:00:56]} g6 {[%clk
01:30:23]} {[%emt 00:00:39]} 4. Nf3 {[%clk 01:30:17]} {[%emt 00:00:13]} Bg7
{[%clk 01:30:11]} {[%emt 00:00:42]} 5. Ng5 {[%clk 01:29:48]} {[%emt 00:00:59]}
e6 {[%clk 01:29:36]} {[%emt 00:01:04]} 6. d3 {[%clk 01:29:22]} {[%emt
00:00:58]} h6 {[%clk 01:28:27]} {[%emt 00:01:37]} 7. Nf3 {[%clk 01:29:04]}
{[%emt 00:00:49]} Nge7 {[%clk 01:27:58]} {[%emt 00:00:59]} 8. O-O {[%clk
01:29:03]} {[%emt 00:00:31]} O-O {[%clk 01:28:02]} {[%emt 00:00:25]} 9. Be3
{[%clk 01:29:13]} {[%emt 00:00:21]} b6 {[%clk 01:27:20]} {[%emt 00:01:12]} 10.
Qd2 {[%clk 01:28:37]} {[%emt 00:01:06]} Kh7 {[%clk 01:27:02]} {[%emt 00:00:47]}
11. d4 {[%clk 01:28:18]} {[%emt 00:00:50]} d5 {[%clk 01:25:06]} {[%emt
00:02:25]} 12. Bb5 {[%clk 01:26:48]} {[%emt 00:02:00]} dxe4 {[%clk 01:21:58]}
{[%emt 00:03:38]} 13. Ng5 {[%clk 01:23:23]} {[%emt 00:03:56]} hxg5 {[%clk
01:21:06]} {[%emt 00:01:21]} 14. Bxg5 {[%clk 01:23:47]} {[%emt 00:00:07]} f6
{[%clk 01:19:10]} {[%emt 00:02:25]} 15. Nxe4 {[%clk 01:21:17]} {[%emt
00:03:01]} fxg5 {[%clk 01:18:02]} {[%emt 00:01:40]} 16. Nxg5 {[%clk 01:21:29]}
{[%emt 00:00:16]} Kg8 {[%clk 01:16:29]} {[%emt 00:01:59]} 17. Qd3 {[%clk
01:20:45]} {[%emt 00:01:15]} Qd5 {[%clk 01:12:36]} {[%emt 00:04:21]} 18. Bxc6
{[%clk 01:20:45]} {[%emt 00:00:35]} Qxc6 {[%clk 01:12:34]} {[%emt 00:00:31]}
19. Qh3 {[%clk 01:20:56]} {[%emt 00:00:15]} Rf5 {[%clk 01:08:36]} {[%emt
00:04:32]} 20. Qh7 {[%clk 01:19:50]} {[%emt 00:01:37]} Kf8 {[%clk 01:08:29]}
{[%emt 00:00:34]} 21. f4 {[%clk 01:20:10]} {[%emt 00:00:12]} Bb7 {[%clk
01:07:16]} {[%emt 00:01:41]} 22. Rf3 {[%emt 00:01:37]} Bxd4 {[%clk 00:59:18]}
{[%emt 00:08:09]} 23. Kf1 {[%clk 01:18:43]} {[%emt 00:01:12]} Qb5 {[%clk
00:57:50]} {[%emt 00:01:53]} 24. Rd3 {[%clk 01:17:52]} {[%emt 00:01:24]} Rxf4
{[%clk 00:56:43]} {[%emt 00:01:35]} 25. Ke1 {[%clk 01:17:56]} {[%emt 00:00:29]}
Qxb2 {[%clk 00:50:55]} {[%emt 00:06:17]} 26. Nxe6 {[%clk 01:18:03]} {[%emt
00:00:24]} Ke8 {[%clk 00:50:39]} {[%emt 00:00:46]} 27. Rad1 {[%clk 01:16:24]}
{[%emt 00:02:00]} Bc3 {[%clk 00:49:37]} {[%emt 00:01:39]} 28. Ke2 {[%clk
01:13:42]} {[%emt 00:03:15]} Re4 {[%clk 00:45:42]} {[%emt 00:04:22]} 29. Re3
{[%clk 01:13:41]} {[%emt 00:00:34]} Qxc2 {[%clk 00:45:02]} {[%emt 00:01:08]}
30. Kf3 {[%clk 01:12:38]} {[%emt 00:01:26]} Qxd1 {[%clk 00:43:42]} {[%emt
00:01:57]} 31. Kf2 {[%clk 01:10:54]} {[%emt 00:02:15]} Be1 {[%clk 00:42:15]}
{[%emt 00:01:54]} 32. Kf1 {[%clk 01:09:48]} {[%emt 00:01:40]} Bg3 {[%clk
00:41:54]} {[%emt 00:00:46]} 33. Re1 {[%clk 01:09:56]} {[%emt 00:00:26]} Rxe1#
{[%emt 00:01:09]} 0-1

[Event "DVM U12 2022"]
[Site "München GER"]
[Date "2022.12.29"]
[Round "5"]
[White "Nguyen, Thanh An"]
[Black "Madel, Luca"]
[Result "1-0"]
[Termination "normal"]
[Board "9.1"]
[WhiteElo "1219"]
[BlackElo "1104"]
[WhiteClock "01:11:10"]
[BlackClock "00:47:08"]
[WhiteTeam "SV Dresden-Striesen 1990"]
[BlackTeam "Barnimer Schachfreunde im SV Stahl Finow"]
[PlyCount "79"]
[WhiteFideId "34627804"]
[BlackFideId "16296516"]
[EventCountry "GER"]
[EventRounds "7"]
[EventType "team-swiss"]
[EventDate "2022.12.26"]

1. d4 {[%clk 01:30:59]} d5 {[%clk 01:30:49]} {[%emt 00:00:11]} 2. c4 {[%clk
01:31:24]} {[%emt 00:00:06]} e6 {[%clk 01:31:08]} {[%emt 00:00:10]} 3. Nc3
{[%clk 01:31:49]} {[%emt 00:00:06]} f5 {[%clk 01:31:21]} {[%emt 00:00:16]} 4.
Nf3 {[%clk 01:32:07]} {[%emt 00:00:12]} Nf6 {[%clk 01:31:20]} {[%emt 00:00:31]}
5. e3 {[%clk 01:32:12]} {[%emt 00:00:25]} c6 {[%clk 01:31:37]} {[%emt
00:00:13]} 6. Bd2 {[%clk 01:32:11]} {[%emt 00:00:31]} Bd6 {[%clk 01:31:48]}
{[%emt 00:00:18]} 7. Be2 {[%clk 01:31:27]} {[%emt 00:01:14]} Nbd7 {[%clk
01:31:35]} {[%emt 00:00:43]} 8. Ng5 {[%clk 01:30:08]} {[%emt 00:01:46]} Qe7
{[%clk 01:31:03]} {[%emt 00:01:05]} 9. f4 {[%clk 01:29:44]} {[%emt 00:00:55]}
O-O {[%clk 01:30:46]} {[%emt 00:00:45]} 10. O-O {[%clk 01:28:07]} {[%emt
00:02:07]} Ne4 {[%clk 01:30:17]} {[%emt 00:00:58]} 11. Ncxe4 {[%clk 01:27:40]}
{[%emt 00:00:59]} fxe4 {[%clk 01:30:18]} {[%emt 00:00:28]} 12. a3 {[%clk
01:24:54]} {[%emt 00:03:16]} h6 {[%clk 01:30:05]} {[%emt 00:00:43]} 13. Nh3
{[%clk 01:25:15]} {[%emt 00:00:09]} Qh4 {[%clk 01:29:21]} {[%emt 00:01:12]} 14.
g3 {[%clk 01:23:45]} {[%emt 00:02:02]} Qe7 {[%clk 01:27:51]} {[%emt 00:01:59]}
15. Nf2 {[%clk 01:20:33]} {[%emt 00:03:42]} Nf6 {[%clk 01:26:18]} {[%emt
00:02:03]} 16. Ng4 {[%clk 01:20:42]} {[%emt 00:00:23]} Nxg4 {[%clk 01:25:44]}
{[%emt 00:01:03]} 17. Bxg4 {[%clk 01:20:49]} {[%emt 00:00:23]} b6 {[%clk
01:23:15]} {[%emt 00:02:59]} 18. Rc1 {[%clk 01:20:11]} {[%emt 00:01:08]} a5
{[%clk 01:22:27]} {[%emt 00:01:18]} 19. cxd5 {[%clk 01:19:38]} {[%emt
00:01:03]} cxd5 {[%clk 01:20:57]} {[%emt 00:01:58]} 20. Qb3 {[%clk 01:18:18]}
{[%emt 00:01:51]} Ba6 {[%clk 01:17:44]} {[%emt 00:03:42]} 21. Rf2 {[%clk
01:18:27]} {[%emt 00:00:20]} Rfb8 {[%clk 01:17:17]} {[%emt 00:00:57]} 22. Be2
{[%clk 01:18:38]} {[%emt 00:00:20]} Bxe2 {[%clk 01:16:58]} {[%emt 00:00:49]}
23. Rxe2 {[%clk 01:18:55]} {[%emt 00:00:12]} b5 {[%clk 01:08:56]} {[%emt
00:08:32]} 24. Be1 {[%clk 01:16:53]} {[%emt 00:02:31]} a4 {[%clk 01:08:43]}
{[%emt 00:00:45]} 25. Qa2 {[%clk 01:16:51]} {[%emt 00:00:32]} Rc8 {[%clk
01:07:44]} {[%emt 00:01:29]} 26. Rec2 {[%clk 01:16:21]} {[%emt 00:00:59]} Qd7
{[%clk 01:07:34]} {[%emt 00:00:39]} 27. f5 {[%clk 01:16:10]} {[%emt 00:00:44]}
Kf7 {[%clk 01:05:07]} {[%emt 00:02:57]} 28. fxe6 {[%clk 01:15:44]} {[%emt
00:00:56]} Kxe6 {[%clk 01:05:10]} {[%emt 00:00:26]} 29. Bc3 {[%clk 01:12:57]}
{[%emt 00:03:18]} Be7 {[%clk 01:03:45]} {[%emt 00:01:51]} 30. Qb1 {[%clk
01:11:30]} {[%emt 00:02:02]} Ra6 {[%clk 01:01:47]} {[%emt 00:02:27]} 31. Rf1
{[%clk 01:11:06]} {[%emt 00:00:50]} Rac6 {[%clk 01:01:23]} {[%emt 00:00:58]}
32. Rcf2 {[%clk 01:11:13]} {[%emt 00:00:23]} Bg5 {[%clk 01:00:50]} {[%emt
00:01:03]} 33. Qe1 {[%clk 01:11:26]} {[%emt 00:00:16]} Bf6 {[%clk 01:00:22]}
{[%emt 00:00:59]} 34. Bb4 {[%clk 01:11:45]} {[%emt 00:01:19]} Rc2 {[%clk
00:59:57]} {[%emt 00:00:47]} 35. Qd1 {[%clk 01:11:59]} {[%emt 00:00:18]} R2c7
{[%clk 00:58:52]} {[%emt 00:01:34]} 36. Qh5 {[%clk 01:11:31]} {[%emt 00:00:57]}
Qc6 {[%emt 00:04:14]} 37. Rf5 {[%clk 01:11:23]} Qe8 {[%clk 00:46:54]} {[%emt
00:09:23]} 38. Re5 {[%clk 01:10:53]} {[%emt 00:01:00]} Bxe5 {[%clk 00:47:03]}
{[%emt 00:00:21]} 39. Qxe5 {[%clk 01:11:14]} {[%emt 00:00:10]} Kd7 {[%clk
00:47:08]} {[%emt 00:00:24]} 40. Qd6# {[%clk 01:11:10]} {[%emt 00:00:05]} 1-0

[Event "DVM U12 2022"]
[Site "München GER"]
[Date "2022.12.29"]
[Round "5"]
[White "Spielvogel, Oliver"]
[Black "Xu, Wanghan"]
[Result "0-1"]
[Termination "normal"]
[Board "9.2"]
[WhiteElo "1312"]
[BlackElo "1275"]
[WhiteClock "01:35:10"]
[BlackClock "01:16:25"]
[WhiteTeam "Barnimer Schachfreunde im SV Stahl Finow"]
[BlackTeam "SV Dresden-Striesen 1990"]
[PlyCount "44"]
[WhiteFideId "16296494"]
[BlackFideId "34608745"]
[EventCountry "GER"]
[EventRounds "7"]
[EventType "team-swiss"]
[EventDate "2022.12.26"]

1. d4 {[%clk 01:30:56]} {[%emt 00:00:03]} d5 {[%clk 01:30:54]} {[%emt
00:00:06]} 2. Nf3 {[%clk 01:31:19]} {[%emt 00:00:07]} Nf6 {[%clk 01:31:07]}
{[%emt 00:00:17]} 3. Bf4 {[%clk 01:31:43]} {[%emt 00:00:06]} Nc6 {[%clk
01:31:22]} {[%emt 00:00:14]} 4. e3 {[%clk 01:31:59]} {[%emt 00:00:14]} a6
{[%clk 01:31:31]} {[%emt 00:00:21]} 5. c3 {[%clk 01:32:22]} {[%emt 00:00:08]}
Bf5 {[%clk 01:29:24]} {[%emt 00:02:36]} 6. Bd3 {[%clk 01:32:16]} {[%emt
00:00:36]} Bg6 {[%clk 01:29:31]} {[%emt 00:00:22]} 7. Qe2 {[%clk 01:32:06]}
{[%emt 00:00:41]} e6 {[%clk 01:29:07]} {[%emt 00:00:54]} 8. Nbd2 {[%clk
01:32:27]} {[%emt 00:00:09]} Bd6 {[%clk 01:26:58]} {[%emt 00:02:39]} 9. Bg3
{[%clk 01:32:47]} {[%emt 00:00:11]} Ne7 {[%clk 01:24:08]} {[%emt 00:03:18]} 10.
Bxd6 {[%clk 01:32:48]} {[%emt 00:00:30]} Qxd6 {[%clk 01:24:10]} {[%emt
00:00:28]} 11. O-O {[%clk 01:33:10]} {[%emt 00:00:09]} O-O {[%clk 01:24:00]}
{[%emt 00:00:39]} 12. Ne5 {[%clk 01:33:29]} {[%emt 00:00:12]} Bxd3 {[%clk
01:23:41]} {[%emt 00:00:49]} 13. Qxd3 {[%clk 01:33:50]} {[%emt 00:00:08]} Ng6
{[%clk 01:22:36]} {[%emt 00:01:35]} 14. f4 {[%clk 01:33:59]} {[%emt 00:00:21]}
Nd7 {[%clk 01:22:03]} {[%emt 00:01:00]} 15. Ndf3 {[%clk 01:34:06]} {[%emt
00:00:26]} Ngxe5 {[%clk 01:22:20]} {[%emt 00:00:12]} 16. Nxe5 {[%clk 01:34:11]}
{[%emt 00:00:26]} Nxe5 {[%clk 01:22:43]} {[%emt 00:00:06]} 17. fxe5 {[%clk
01:34:33]} {[%emt 00:00:08]} Qe7 {[%clk 01:22:21]} {[%emt 00:00:49]} 18. e4
{[%clk 01:34:58]} {[%emt 00:00:09]} f6 {[%clk 01:17:15]} {[%emt 00:05:36]} 19.
exf6 {[%clk 01:35:04]} {[%emt 00:00:24]} Rxf6 {[%clk 01:17:32]} {[%emt
00:00:13]} 20. e5 {[%clk 01:35:10]} {[%emt 00:00:25]} Rg6 {[%clk 01:16:14]}
{[%emt 00:01:44]} 21. Rf2 {[%clk 01:34:53]} {[%emt 00:00:51]} Rf8 {[%clk
01:16:03]} {[%emt 00:00:40]} 22. Raf1 {[%clk 01:35:10]} {[%emt 00:00:13]} Rxf2
{[%clk 01:16:25]} {[%emt 00:00:17]} 0-1